Torschützenkönige in der Geschichte des FC Augsburg - Statistiken

Allgemein
  • Dieses Quiz wurde 40 mal gespielt
  • Das Durchschnittsergebnis liegt bei 2 aus 11
Antwortstatistiken
Tore Nationalität Spieler % Korrekt
39 Island Alfred Finnbogason
92%
39 Deutschland Helmut Haller
58%
56 Deutschland Michael Thurk
55%
114 Deutschland Ulrich Biesinger
16%
57 Deutschland Hans Jörg
3%
62 Deutschland Christian Radlmaier
0%
43 Deutschland Georg Beichle
0%
87 Deutschland Georg Platzer
0%
40 Deutschland Gerhard Müller
0%
46 Deutschland Ludwig Schlump
0%
71 Deutschland Ludwig Schuller
0%
Keine übereinstimmenden Quizze gefunden
Verteilung der Resultate
Anzahl Personen mit jedem Resultat
Perzentil nach korrekt beantworteten Fragen
Ihre Resultats-Entwicklung
Sie haben dieses Quiz noch nicht gespielt